000 00915nam a2200229 a 4500
001 20918
003 CO-ViMGA
008 141112s2004 ck r 000 u spa d
020 _a958664166X
040 _aCO-ViMGA
_bspa
_cCO-ViMGA
082 0 4 _a759.896 B415g
110 _aBiblioteca Luis Ángel Arango, Bogotá
_930143
245 1 0 _aGregorio Vásquez de Arca y Ceballos :
_bUn pintor para mirar el arte colonial
260 _aBogotá :
_bBanco de la república,
_c2005
300 _a23p
505 _aColección de arte 9
590 _aForma de adquisición : Donación - - Precio : 10000 - - Proveedor : Banco de la república - - Fecha de adquisición : Septiembre 2006
650 1 4 _aPINTORES COLOMBIANOS
_9603
650 1 4 _aPINTURA RELIGIOSA COLOMBIANA - EXPOSICIONES - CATALOGOS
_930144
650 1 4 _aVASQUEZ DE ARCE Y CEBALLOS, GREGORIO, 1638 - 1711 - EXPOSICIÓN - CATALOGOS
_930145
942 _2ddc
_cBK
999 _c29793
_d29793